00862nam a2200217 a 450000100100000000500170001000800410002704000130006808200140008110000290009524501150012426000790023930000280031849000280034650000420037450400550041683000350047104900090050695201120051599900170062700001775820200929165224.0100331s2003 dr a 000 0 spa d aDO-SdBNP axxxbO77a1 aOrtega Elpidio J.93468310aSitio arqueológico, la iglesia. Provincia la Altagracia /cElpidio J. Ortega, José G. Atiles, Jorge Ulloa. aSanto Domingo :bAcademia de Ciencias de la República Dominicana,c2003. a105 p. :bil. ;c23 cm.1 aOrtega Alvarezvvol. 10 aIncluye notas al pie de las páginas aIncluye referencias bibliográficas ( p. 102-104) 0aOrtega Alvarezvvol. 10938624 aBNPD 0010718PDaPDbPDcCTd2010-03-31iLF1l0oxxx O77ap17758-10r2020-06-25w2020-06-25yLFPDZNo se presta c17283d17283